UEFA Europa League Winners - Statistics

General Stats
  • This quiz has been taken 13,665 times
    6,020 since last reset
  • The average score is 19 of 30
Answers on the Map
Answers color-coded by a green-red scale on the quiz's map according to % correct below.
 
Answer Stats
Winner % Correct
Tottenham Hotspur
95%
Manchester United
94%
Chelsea
93%
Sevilla
93%
Inter Milan
85%
Atlético Madrid
84%
Liverpool
84%
Juventus
81%
Real Madrid
80%
Bayern Munich
79%
Porto
79%
Ajax
76%
Atalanta
71%
Eintracht Frankfurt
70%
Villarreal
70%
PSV Eindhoven
69%
Valencia
65%
Feyenoord
62%
Napoli
60%
Galatasaray
53%
Bayer Leverkusen
52%
Zenit Saint Petersburg
50%
Shakhtar Donetsk
46%
CSKA Moscow
44%
Schalke
43%
Anderlecht
39%
Parma
38%
Borussia Mönchengladbach
36%
Ipswich Town
28%
Göteborg
26%
No matching quizzes found
Score Distribution
Percent of People with Each Score
Percentile by Number Answered
Your Score History
You have not taken this quiz since the last reset